| 000 | 00873nam a2200217 a 4500 | ||
|---|---|---|---|
| 001 | 000025261 | ||
| 005 | 20200930023651.0 | ||
| 008 | 110211s1973 mx r 000 0 spa d | ||
| 040 |
_aDO-SdBNP _bspa _cBNPHU |
||
| 041 | 1 | 7 |
_aspa _heng _2Código de idioma MARC |
| 082 |
_aNNN _bB234c |
||
| 100 | 1 |
_aBarber, James David _951762 |
|
| 240 | 1 | 0 |
_aCitizen politics; an introduction to political behavior. _lEspañol. |
| 245 | 1 | 0 |
_aEl ciudadano político : _brelación entre la cultura y la actitud política / _cJames David Barber ; traducción de Emilio Avila. |
| 260 |
_aMéxico, D. F. : _bEditores Asociados, _c1973. |
||
| 300 |
_axvi, 296 p. : _bil. ; _c20 cm. |
||
| 534 |
_aTítulo original: _tCitizen politics; an introduction to political behavior |
||
| 504 | _aIncluye notas bibliográficas al pie de las páginas | ||
| 700 | 1 |
_aAvila, Emilio _etr. _951763 |
|
| 049 | _aBNGR | ||
| 999 |
_c24754 _d24754 |
||